000 00794nam a2200241 i 4500
001 10424
003 ES-MaACL
005 20250807235853.0
007 t|
008 950612s1991 sp |||| | spa d
020 _a84-7914-035-6
080 _a233.14
080 _a27-423.5
_22004
100 1 _aSayés, José Antonio.
_9104107
245 1 0 _aAntropología del hombre caído
_b: el pecado original /
_cpor José Antonio Sayes.
260 _aMadrid :
_bBiblioteca de Autores Cristianos,
_c1991.
300 _aXX, 393 p. ;
_c20 cm.
490 1 _aBiblioteca de autores cristianos ;
_v514.
_aHistoria salutis
650 0 4 _aPecado original.
_915902
830 0 0 _aBiblioteca de autores cristianos.
_pHistoria salutis
_v514.
_9178685
852 _aES-MaACL
_jJ-501
999 _c10424
_d10424